Quizzes
Events
Quiz Creation
Community
Videos
Private Events
Remove Ads
Sign In
Join for FREE
Feedback
Dark Mode
Quiz Categories
Sports
Geography
Music
Movies
Television
Just For Fun
Miscellaneous
History
Literature
Language
Science
Gaming
Entertainment
Religion
Holiday
For Kids
Quiz Lab
Recent
Popular Today
Quiz Kudos Today
Editor Picks
Curator Picks
Quizzes by...
Day
Popularity
Type
Ratings
Length
Year
Community
Subscriptions
Recent Discussions
Orange Saloon
Badges
Playlists
Quests
Create
Leaderboards
Showdown
Live 5
Trivia Bingo
Activity
Puzzle Library
Sporcle Events
Private Events
Virtual Trivia
Globe League
Become a Host
Pub Owners
SporcleCon
Opinionation
Our Games
Videos
Blog
Mobile Apps
Partnerships
Remove Ads and Go Orange
Feedback
Just For Fun
Clickable
Get the Picture
Humor
Quick Pick
Word Ladder
Missing Word
Mixed Word
Blitz
Minefield
This or That
Alphabet
Color
Typing
Sporcle
Puzzle
Word Play
Follow That Line
Logic
Just For Fun
Clickable
Get the Picture
Humor
Quick Pick
Word Ladder
Missing Word
Mixed Word
Blitz
Minefield
This or That
Alphabet
Color
Typing
Sporcle
Puzzle
Word Play
Follow That Line
Logic
Random Quiz
Search Sporcle
×
Quiz Lab
Quiz Lab
Just For Fun
Clickable
Select answers by clicking on text or image buttons
Select answers by clicking on text or image buttons
Clickable
Best Score? Go Orange.
Taco matching jbob Stats
Can you pick the Click all the jbobs before time runs out?
By
QoolBeans
60s
100 Questions
71 Plays
71 Plays
71 Plays
Comments
Comments
Give Quiz Kudos
Give Quiz Kudos
-
- Ratings
hide this ad
More Info
Forced Order
Answers have to be entered in order
Answers have to be entered in order
Random Order
Randomize order of answers
Randomize order of answers
Replay
Link that replays current quiz
Next Quiz
Link to next quiz in quiz playlist
You Got
0%
They Got
Avg Score
78%
Avg Friend Score
Upgrade to see
Score Distribution
Jump to the score distribution portion of the page
Score
0/100
Timer
01:00
0
Plays Today
% Correct
94.4%
93%
93%
93%
93%
93%
91.5%
91.5%
91.5%
91.5%
90.1%
90.1%
90.1%
90.1%
90.1%
90.1%
90.1%
90.1%
90.1%
88.7%
88.7%
87.3%
87.3%
87.3%
87.3%
85.9%
85.9%
85.9%
85.9%
84.5%
84.5%
84.5%
84.5%
84.5%
% Correct
84.5%
83.1%
83.1%
83.1%
83.1%
83.1%
81.7%
81.7%
81.7%
81.7%
81.7%
81.7%
80.3%
80.3%
80.3%
80.3%
80.3%
80.3%
80.3%
80.3%
80.3%
78.9%
78.9%
78.9%
78.9%
78.9%
77.5%
74.6%
74.6%
74.6%
74.6%
74.6%
74.6%
73.2%
% Correct
73.2%
73.2%
71.8%
71.8%
70.4%
70.4%
69%
69%
67.6%
67.6%
67.6%
67.6%
67.6%
67.6%
66.2%
66.2%
66.2%
66.2%
66.2%
64.8%
64.8%
64.8%
63.4%
63.4%
62%
60.6%
59.2%
57.7%
54.9%
53.5%
53.5%
50.7%
Quiz Playlist
Details
Report
Send in Message
Add To Playlist
More Info:
Do it bro
Clickable:
Select answers by clicking on text or image buttons
Forced Order:
Answers have to be entered in order
Random Order:
Randomize order of answers
Last Updated: Feb 16, 2017
Quiz Scoreboard
CHALLENGE
Sign Up to Join the Scoreboard
Show All
Scores
Hide
Comments
May contain spoilers
Recently Published
TV Characters by Other Roles V
by ghcgh
Television
5m
Decade Duel: World Leaders
by jenniferyan
History
4m
Alphabetical 'K' Countries by Flag Minefield
by ylime102
Geography
3m
More to Explore
Quiz From the Vault
Featured Blog Post
15 Basketball Trivia Facts You Can Be March Mad About
hide this ad
You Might Also Like...
Tags
Clickable Quiz
Matching
taco
Today's Top Quizzes in Just For Fun
Browse Just For Fun
hide this ad
Today's Top Quizzes in Clickable
Browse Clickable
Top Contributed Quizzes in Just For Fun
1
Seasons
2
Pick 6: Letters
3
Pick 6: Foods
4
Pick 6: Colors
5
Quick Pick: Spring Things
6
Four Seasons
7
Erkennst du die Lieblingsgerichte der watsons?
8
Dragon Ball Z Logic Quiz
9
💣 Real or Fake Four Letter Words [Blitz]
10
🌸 Two-Word Hint Crossword 7 🌸
Explore More
Trending Topics
Kpop
Anime
Disney
Harry Potter
Marvel
NBA
Crossword
Puzzle
WWE
NFL
Soccer
Song
Pokémon
Country
The Office
hide this ad
More By:
QoolBeans
Quiz
Plays
Rating
Category
Featured
Created
Taco matching jbob
71
3.00
Just For Fun
May 4, 2012
Go to Creator's Profile
Score Distribution
Quiz Creator Spotlight
QoolBeans
Follow
Send a Message
Quizzes Created
-
Created Quiz Play Count
-
More By This Creator
Popular Quizzes Today
1
Countries of Asia Without Outlines Minefield
2
Find the US States - No Outlines Minefield
3
Pick 6: Fruits
4
The Countries of the World
5
Alphabetical 'K' Countries by Flag Minefield
6
Find the Countries of Europe - No Outlines Minefield
7
US States
8
Find the US States
More Just For Fun Quizzes
Missing Word: 2000s Bands
Published
Trending Quizzes
Pick 6: Mountains
Pick 6: Harry Potter
Pick 6: Flags
Pick 6: NFL Teams
Pick 6: Movie Franchises
Recently Updated
Adaptations: Name the Title
pecheneg
NWSL Teams
pecheneg
Women's Final Four Teams by Year
bhenderson79
Presidents Quartet II
eogle
Anything But Clue(do)
eogle
Anything But Oceanian Capitals
eogle
Anything But 7
eogle
Anything But Thing
eogle
Word Ladder: February 29
pecheneg
Song Title Questions
pecheneg
Trending Topics
Crossword
Kpop
NBA
Marvel
Harry Potter
Anime
Disney
Song
Country
WWE
The Office
Puzzle
Soccer
NFL
Pokémon
Your Account Isn't Verified!
In order to create a playlist on Sporcle, you need to verify the email address you used during registration. Go to your
Sporcle Settings
to finish the process.
Report this User
Report this user for behavior that violates our
Community Guidelines
.
Details:
Send Report
Go to the Sporcle.com Mobile Site →
Comments